[Event "Cochabamba op 1st"]
[Site "Cochabamba"]
[Date "2015.01.30"]
[Round "4"]
[White "Molina, Jorge"]
[Black "Aguilar, Luis Miguel"]
[Result "1/2-1/2"]
[WhiteElo "2133"]
[BlackElo "1990"]
[PlyCount "65"]
[EventDate "2015.01.29"]
[EventType "swiss"]
[EventRounds "7"]
[EventCountry "BOL"]
[SourceTitle "CBM 164 Extra"]
[Source "ChessBase"]
[SourceDate "2015.03.02"]
[SourceVersion "1"]
[SourceVersionDate "2015.03.02"]
[SourceQuality "1"]

1. Nf3 g6 2. c4 Bg7 3. Nc3 c5 4. g3 Nc6 5. Bg2 d6 6. 0-0 a6 7. d3 Rb8 8. Ne1 Bd7 9. a4 Nf6 10. Nc2 0-0 11. Bg5 h6 12. Bd2 e5 13. Ne3 Nd4 14. Rb1 b5 15. axb5 axb5 16. cxb5 Bxb5 17. Nxb5 Rxb5 18. b4 Qb8 19. Nc4 cxb4 20. e3 Ne6 21. Bc6 Rc5 22. Rxb4 Qc7 23. Bg2 d5 24. Nxe5 Ra8 25. Rb2 Qxe5 26. d4 Nxd4 27. exd4 Qxd4 28. Be3 Qxd1 29. Rxd1 Rca5 30. Rbd2 Ra1 31. Bxd5 Nxd5 32. Rxd5 Rxd1+ 33. Rxd1 1/2-1/2

[Event "Natal op"]
[Site "Natal"]
[Date "2013.09.08"]
[Round "6"]
[White "Quaranta Neto, Francisco"]
[Black "Molina, Jorge"]
[Result "1-0"]
[WhiteElo "1916"]
[BlackElo "2152"]
[PlyCount "65"]
[EventDate "2013.09.06"]
[EventType "swiss"]
[EventRounds "6"]
[EventCountry "BRA"]
[SourceTitle "EXT 2016"]
[Source "ChessBase"]
[SourceDate "2015.10.08"]
[SourceVersion "1"]
[SourceVersionDate "2015.10.08"]
[SourceQuality "1"]

1. e4 c6 2. d4 d5 3. exd5 cxd5 4. f4 Nc6 5. c3 Nf6 6. Nf3 a6 7. Bd3 Bg4 8. h3 Bxf3 9. Qxf3 e6 10. 0-0 g6 11. g4 Be7 12. Nd2 h5 13. g5 Nd7 14. Qe3 Bd6 15. Bxg6 fxg6 16. Qxe6+ Qe7 17. Qxg6+ Kd8 18. Nf3 Nf8 19. Qd3 Qc7 20. Nh4 Rg8 21. Bd2 Ne7 22. Rae1 Kd7 23. f5 Bg3 24. Rxe7+ Kxe7 25. f6+ Kd7 26. Nf5 Bh2+ 27. Kh1 Ng6 28. Nh6 Kc6 29. Nxg8 Rxg8 30. f7 Rg7 31. Qxg6+ Rxg6 32. f8Q Bd6 33. Qe8+ 1-0

[Event "Natal op"]
[Site "Natal"]
[Date "2013.09.07"]
[Round "4"]
[White "Molina, Jorge"]
[Black "Macedo, Maximo Iack Miranda"]
[Result "0-1"]
[WhiteElo "2152"]
[BlackElo "2368"]
[PlyCount "102"]
[EventDate "2013.09.06"]
[EventType "swiss"]
[EventRounds "6"]
[EventCountry "BRA"]
[SourceTitle "EXT 2016"]
[Source "ChessBase"]
[SourceDate "2015.10.08"]
[SourceVersion "1"]
[SourceVersionDate "2015.10.08"]
[SourceQuality "1"]

1. d4 e6 2. Nf3 b6 3. e4 Bb7 4. Bd3 Nf6 5. Qe2 d5 6. e5 Ne4 7. Nbd2 Nxd2 8. Bxd2 c5 9. c3 Be7 10. Rc1 a5 11. h4 Ba6 12. Rh3 h6 13. h5 Bxd3 14. Qxd3 c4 15. Qc2 Nc6 16. g4 Qd7 17. Ke2 b5 18. g5 hxg5 19. Bxg5 0-0-0 20. Bxe7 Nxe7 21. b3 Nf5 22. Rb1 Qc6 23. Nd2 Kd7 24. Rhh1 b4 25. Nf3 cxb3 26. Rxb3 Rc8 27. Kd2 Qc4 28. Qd3 bxc3+ 29. Kc2 Qxd3+ 30. Kxd3 g6 31. Rxc3 Rxc3+ 32. Kxc3 Rxh5 33. Rxh5 gxh5 34. Kd3 h4 35. Ng5 a4 36. Nh3 Kc6 37. a3 Kb5 38. Ng5 Nh6 39. Kc3 Ng4 40. Nh3 Nh2 41. Ng5 Ng4 42. Nh3 Nh6 43. Ng5 Nf5 44. Nh3 Ne7 45. Nf4 Nc6 46. Kd3 Na5 47. Ne2 h3 48. Nc3+ Kc6 49. Ne2 h2 50. Ng3 Nc4 51. Kc3 Kb5 0-1

[Event "Joao Pessoa op 08"]
[Site "Joao Pessoa"]
[Date "2013.08.04"]
[Round "6"]
[White "Molina, Jorge"]
[Black "Lemos, Dawton Almino"]
[Result "1-0"]
[WhiteElo "2141"]
[BlackElo "2007"]
[PlyCount "55"]
[EventDate "2013.08.02"]
[EventType "swiss"]
[EventRounds "6"]
[EventCountry "BRA"]
[SourceTitle "EXT 2014"]
[Source "ChessBase"]
[SourceDate "2013.11.20"]
[SourceVersion "1"]
[SourceVersionDate "2013.11.20"]
[SourceQuality "1"]

1. Nf3 Nf6 2. c4 g6 3. Nc3 Bg7 4. e4 d6 5. d4 0-0 6. Be2 e5 7. dxe5 dxe5 8. Qxd8 Rxd8 9. Bg5 c6 10. Nxe5 Re8 11. 0-0-0 Nxe4 12. Nxe4 Bxe5 13. Nd6 Bxd6 14. Rxd6 Bf5 15. Bd3 Be6 16. b3 Nd7 17. Re1 a5 18. Rexe6 Rxe6 19. Rxd7 b6 20. Be3 c5 21. Be2 Rae8 22. Bg4 Rf6 23. Bf3 h5 24. h4 Rf5 25. Bd5 Kg7 26. Rd6 Rb8 27. Rc6 Rb7 28. Rxc5 1-0

[Event "Joao Pessoa op 08"]
[Site "Joao Pessoa"]
[Date "2013.08.03"]
[Round "4"]
[White "Molina, Jorge"]
[Black "Lemos, Doriedson"]
[Result "1-0"]
[WhiteElo "2141"]
[BlackElo "2011"]
[PlyCount "27"]
[EventDate "2013.08.02"]
[EventType "swiss"]
[EventRounds "6"]
[EventCountry "BRA"]
[SourceTitle "CBM 155 Extra"]
[Source "ChessBase"]
[SourceDate "2013.08.26"]
[SourceVersion "1"]
[SourceVersionDate "2013.08.26"]
[SourceQuality "1"]

1. Nf3 Nf6 2. c4 c5 3. Nc3 b6 4. g3 Bb7 5. Bg2 e6 6. 0-0 Be7 7. d4 cxd4 8. Qxd4 Nc6 9. Qf4 0-0 10. Rd1 Nh5 11. Qd2 a6 12. Qxd7 Ra7 13. Qxd8 Rxd8 14. Be3 1-0

[Event "Joao Pessoa op 08"]
[Site "Joao Pessoa"]
[Date "2013.08.02"]
[Round "1"]
[White "Prisma, Zenil Da Costa"]
[Black "Molina, Jorge"]
[Result "0-1"]
[WhiteElo "1785"]
[BlackElo "2141"]
[PlyCount "78"]
[EventDate "2013.08.02"]
[EventType "swiss"]
[EventRounds "6"]
[EventCountry "BRA"]
[SourceTitle "CBM 155 Extra"]
[Source "ChessBase"]
[SourceDate "2013.08.26"]
[SourceVersion "1"]
[SourceVersionDate "2013.08.26"]
[SourceQuality "1"]

1. d4 Nf6 2. c4 c5 3. Nf3 cxd4 4. Nxd4 e5 5. Nb5 d5 6. cxd5 Bc5 7. e3 0-0 8. Be2 Nxd5 9. 0-0 Nc6 10. Qc2 Qe7 11. a3 Be6 12. N1c3 Nxc3 13. Nxc3 Rac8 14. Bd2 Bb6 15. Qe4 f5 16. Qa4 Rfd8 17. Be1 Na5 18. Rd1 Bb3 19. Rxd8+ Qxd8 20. Qb5 Rc5 21. Qd3 Qxd3 22. Bxd3 e4 23. Bb5 a6 24. Ba4 Rxc3 25. Bxc3 Bxa4 26. Rb1 Bb3 27. Rc1 Nc4 28. Ra1 g5 29. h4 gxh4 30. Bf6 Kf7 31. Bxh4 Bc7 32. Rc1 Be5 33. Rxc4 Bxc4 34. b4 b5 35. Bd8 Bb2 36. Ba5 Bxa3 37. f3 Ke6 38. Kf2 Bd3 39. f4 Kd5 0-1

[Event "American Continental 09th"]
[Site "Cochabamba"]
[Date "2013.05.13"]
[Round "9"]
[White "Slomka, Gustavo"]
[Black "Molina, Jorge"]
[Result "0-1"]
[WhiteElo "2055"]
[BlackElo "2144"]
[PlyCount "47"]
[EventDate "2013.05.07"]
[EventType "swiss"]
[EventRounds "11"]
[EventCountry "BOL"]
[SourceTitle "CBM 154 Extra"]
[Source "ChessBase"]
[SourceDate "2013.06.25"]
[SourceVersion "2"]
[SourceVersionDate "2013.06.25"]
[SourceQuality "1"]

1. b3 Nf6 2. Bb2 d5 3. e3 Bf5 4. f4 e6 5. Nf3 Nbd7 6. Be2 Bg4 7. 0-0 c6 8. Ne5 Bxe2 9. Qxe2 Bd6 10. d3 Qc7 11. Nxd7 Qxd7 12. Nd2 0-0-0 13. a4 Qe7 14. a5 a6 15. Nf3 Rdg8 16. Rab1 Nd7 17. c4 Bb4 18. cxd5 exd5 19. Ra1 f6 20. e4 Nc5 21. Nd4 dxe4 22. Nf5 Qe6 23. dxe4 Nxe4 24. Ng3 0-1

[Event "American Continental 09th"]
[Site "Cochabamba"]
[Date "2013.05.10"]
[Round "5"]
[White "Vasquez Schroder, Rodrigo Rafael"]
[Black "Molina, Jorge"]
[Result "1-0"]
[WhiteElo "2554"]
[BlackElo "2144"]
[PlyCount "135"]
[EventDate "2013.05.07"]
[EventType "swiss"]
[EventRounds "11"]
[EventCountry "BOL"]
[SourceTitle "CBM 154 Extra"]
[Source "ChessBase"]
[SourceDate "2013.06.25"]
[SourceVersion "2"]
[SourceVersionDate "2013.06.25"]
[SourceQuality "1"]

1. d4 Nf6 2. c4 c5 3. d5 b5 4. cxb5 a6 5. bxa6 Bxa6 6. Nc3 d6 7. e4 Bxf1 8. Kxf1 g6 9. g3 Bg7 10. Kg2 Nbd7 11. h3 0-0 12. Nf3 Ra6 13. Bg5 h6 14. Be3 Ne8 15. Qd3 Qa8 16. b3 Nc7 17. Rad1 Qb7 18. Rhe1 Rb8 19. Re2 Nb5 20. Nxb5 Qxb5 21. Qc2 Kh7 22. Bf4 Qb7 23. Rdd2 Nb6 24. Qc1 Rc8 25. Rc2 Rf8 26. Nd2 f5 27. f3 fxe4 28. fxe4 g5 29. Be3 Qa8 30. Qb1 Kh8 31. Rf2 Nd7 32. Rxf8+ Qxf8 33. Qf1 Qxf1+ 34. Kxf1 Ne5 35. Ke2 Kg8 36. a4 Kf7 37. Ra2 e6 38. dxe6+ Kxe6 39. Rc2 Bf6 40. g4 Bd8 41. Kd1 Ra8 42. Rc1 Ba5 43. Kc2 Bxd2 44. Bxd2 c4 45. a5 cxb3+ 46. Kxb3 Nd3 47. Rc4 Nc5+ 48. Kc2 Nb7 49. Bc3 Kd7 50. Rb4 Nc5 51. Rc4 Nb7 52. Kd1 Ra7 53. Ra4 Nc5 54. Rd4 Kc6 55. Ke2 Re7 56. Kf3 Rf7+ 57. Ke3 Re7 58. Bb4 Re5 59. a6 Re7 60. Bxc5 Kxc5 61. Rd5+ Kc6 62. Ra5 Ra7 63. Kd4 Kb6 64. Ra2 Kc6 65. Ra3 Kc7 66. Kd5 Kd7 67. Ra4 Kc7 68. Rc4+ 1-0

[Event "American Continental 09th"]
[Site "Cochabamba"]
[Date "2013.05.07"]
[Round "1"]
[White "Flores, Diego"]
[Black "Molina, Jorge"]
[Result "1-0"]
[WhiteElo "2586"]
[BlackElo "2144"]
[PlyCount "69"]
[EventDate "2013.05.07"]
[EventType "swiss"]
[EventRounds "11"]
[EventCountry "BOL"]
[SourceTitle "CBM 154 Extra"]
[Source "ChessBase"]
[SourceDate "2013.06.25"]
[SourceVersion "2"]
[SourceVersionDate "2013.06.25"]
[SourceQuality "1"]

1. c4 c5 2. Nc3 g6 3. g3 Bg7 4. Bg2 Nc6 5. Nf3 e5 6. 0-0 Nge7 7. a3 a5 8. Ne1 0-0 9. Nc2 d6 10. d3 h6 11. Rb1 f5 12. Bd2 a4 13. Ne3 Nd4 14. Ned5 Nb3 15. Be1 Bd7 16. Nxe7+ Qxe7 17. Bxb7 Rab8 18. Bg2 f4 19. Nd5 Qe8 20. e3 fxe3 21. fxe3 Rxf1+ 22. Kxf1 Bf5 23. Kg1 h5 24. Qc2 Kh8 25. Bc3 Qd8 26. h3 Be6 27. Kh2 Qg5 28. Qe2 Rf8 29. h4 Qd8 30. Rf1 Rxf1 31. Qxf1 Bg4 32. Qf7 g5 33. Ne7 gxh4 34. Be4 hxg3+ 35. Kg2 1-0

[Event "Manaus zt 2.4"]
[Site "Manaus"]
[Date "2013.05.02"]
[Round "8"]
[White "Rezende, Guilherme Vilela"]
[Black "Molina, Jorge"]
[Result "0-1"]
[WhiteElo "1994"]
[BlackElo "2153"]
[PlyCount "126"]
[EventDate "2013.04.27"]
[EventType "swiss"]
[EventRounds "9"]
[EventCountry "BRA"]
[SourceTitle "CBM 154 Extra"]
[Source "ChessBase"]
[SourceDate "2013.06.25"]
[SourceVersion "2"]
[SourceVersionDate "2013.06.25"]
[SourceQuality "1"]

1. d4 g6 2. c4 Bg7 3. Nc3 c5 4. Nf3 cxd4 5. Nxd4 Nc6 6. Nc2 Bxc3+ 7. bxc3 d6 8. e4 Qa5 9. Be2 Nf6 10. f3 Be6 11. Ne3 Qxc3+ 12. Bd2 Qa3 13. Nd5 Bxd5 14. cxd5 Nd4 15. 0-0 0-0 16. Bh6 Nxe2+ 17. Qxe2 Rfc8 18. Rad1 Rc3 19. g4 Rac8 20. Rf2 Qc5 21. Rd2 Qc4 22. Qe1 Rc1 23. Rd1 Rxd1 24. Qxd1 Nd7 25. Bg5 f6 26. Be3 b6 27. h4 Ne5 28. Kg2 Qd3 29. Qxd3 Nxd3 30. Rd2 Ne5 31. Bd4 Rc4 32. Kg3 Nd7 33. g5 Kf7 34. Kf4 Nc5 35. Ke3 Rc1 36. Kf4 Nd7 37. Kg3 Nc5 38. Kf4 Rc4 39. Ke3 a6 40. Rb2 b5 41. gxf6 exf6 42. Bxc5 dxc5 43. Rd2 Ke7 44. Kf4 Kd6 45. h5 Rd4 46. Rg2 g5+ 47. Kf5 Ke7 48. h6 Rd3 49. Rf2 c4 50. f4 c3 51. fxg5 fxg5 52. Ke5 Rd2 53. Rf6 c2 54. Rc6 Kd7 55. Rd6+ Kc7 56. Rc6+ Kb7 57. Kd6 g4 58. e5 g3 59. e6 g2 60. e7 Re2 61. Rxc2 Rxc2 62. e8Q g1Q 63. Qe7+ Kb8 0-1

[Event "Manaus zt 2.4"]
[Site "Manaus"]
[Date "2013.05.01"]
[Round "6"]
[White "Molina, Jorge"]
[Black "Quintiliano Pinto, Renato Rodrigues"]
[Result "1/2-1/2"]
[WhiteElo "2153"]
[BlackElo "2315"]
[PlyCount "35"]
[EventDate "2013.04.27"]
[EventType "swiss"]
[EventRounds "9"]
[EventCountry "BRA"]
[SourceTitle "CBM 154 Extra"]
[Source "ChessBase"]
[SourceDate "2013.06.25"]
[SourceVersion "2"]
[SourceVersionDate "2013.06.25"]
[SourceQuality "1"]

1. Nf3 c5 2. c4 Nc6 3. Nc3 g6 4. e3 Nf6 5. d4 cxd4 6. exd4 d5 7. cxd5 Nxd5 8. Qb3 e6 9. Bb5 Bg7 10. Qa3 Nde7 11. Bxc6+ bxc6 12. 0-0 0-0 13. Bg5 f6 14. Be3 Nd5 15. Rac1 a5 16. Na4 Nb4 17. Rfd1 Rb8 18. Nc5 1/2-1/2

[Event "Lima IPD 2nd IM"]
[Site "Lima"]
[Date "2013.02.14"]
[Round "1"]
[White "Molina, Jorge"]
[Black "Cuellar, Diego"]
[Result "0-1"]
[WhiteElo "2141"]
[BlackElo "2289"]
[PlyCount "72"]
[EventDate "2013.02.11"]
[EventType "tourn"]
[EventRounds "9"]
[EventCountry "PER"]
[EventCategory "4"]
[SourceTitle "EXT 2014"]
[Source "ChessBase"]
[SourceDate "2013.11.20"]
[SourceVersion "1"]
[SourceVersionDate "2013.11.20"]
[SourceQuality "1"]

1. Nf3 Nf6 2. c4 c6 3. Nc3 d5 4. e3 a6 5. b3 Bf5 6. Nh4 Bg6 7. d4 e6 8. Nxg6 hxg6 9. Bd3 Bd6 10. h3 Nbd7 11. Bb2 Qe7 12. Be2 g5 13. Qc2 g4 14. 0-0-0 gxh3 15. Rxh3 Rxh3 16. gxh3 0-0-0 17. c5 Bc7 18. b4 Nf8 19. f4 Ng6 20. a4 Kd7 21. Rg1 Nh4 22. b5 axb5 23. axb5 Nf5 24. Kd2 Rh8 25. Bf1 Nh5 26. bxc6+ bxc6 27. Nxd5 Qh4 28. Rg2 cxd5 29. Qa4+ Ke7 30. Qa7 Rc8 31. Qb7 Kd8 32. Ba6 Rb8 33. Qa7 Rxb2+ 34. Kc3 Rxg2 35. Qa8+ Ke7 36. Qc8 Qe1+ 0-1

[Event "Pinamar Carilo"]
[Site "Pinamar"]
[Date "2012.10.27"]
[Round "7"]
[White "Claverie, Raul Ricardo"]
[Black "Molina, Jorge"]
[Result "1-0"]
[WhiteElo "2479"]
[BlackElo "2163"]
[PlyCount "51"]
[EventDate "2012.10.23"]
[EventType "tourn"]
[EventRounds "9"]
[EventCountry "ARG"]
[EventCategory "7"]
[SourceTitle "EXT 2013"]
[Source "ChessBase"]
[SourceDate "2012.11.22"]
[SourceVersion "1"]
[SourceVersionDate "2012.11.22"]
[SourceQuality "1"]

1. e4 g6 2. g3 Bg7 3. Bg2 c5 4. d3 Nc6 5. c3 h5 6. h4 Nf6 7. Nh3 d5 8. exd5 Nxd5 9. Ng5 0-0 10. 0-0 Bg4 11. Qb3 Nb6 12. Ne4 Re8 13. Nxc5 Be2 14. Re1 Bxd3 15. Rd1 Ne5 16. Nxd3 Nxd3 17. Qc2 Nb4 18. Qb3 Nd3 19. Qc2 Nb4 20. Qe2 N4d5 21. Bxd5 Nxd5 22. c4 Nb6 23. Rxd8 Rexd8 24. Na3 Na4 25. Rb1 a6 26. Bg5 1-0

[Event "Pinamar Carilo"]
[Site "Pinamar"]
[Date "2012.10.24"]
[Round "2"]
[White "Dolezal, Cristian"]
[Black "Molina, Jorge"]
[Result "1-0"]
[WhiteElo "2417"]
[BlackElo "2163"]
[PlyCount "87"]
[EventDate "2012.10.23"]
[EventType "tourn"]
[EventRounds "9"]
[EventCountry "ARG"]
[EventCategory "7"]
[SourceTitle "EXT 2013"]
[Source "ChessBase"]
[SourceDate "2012.11.22"]
[SourceVersion "1"]
[SourceVersionDate "2012.11.22"]
[SourceQuality "1"]

1. Nf3 e6 2. g3 c5 3. Bg2 d5 4. c4 Nf6 5. b3 Be7 6. e3 0-0 7. Bb2 Nc6 8. 0-0 b6 9. Qe2 Ba6 10. d3 Qd7 11. Nc3 Rac8 12. Rfd1 Rfd8 13. Rab1 Qe8 14. Nb5 Rd7 15. Rd2 Rcd8 16. Rbd1 Bb7 17. Ne1 dxc4 18. bxc4 Rb8 19. g4 Qc8 20. g5 Ne8 21. f4 Nd6 22. Nc3 Bf8 23. Nf3 Nf5 24. Ne4 Qe8 25. Nf2 Rbd8 26. Ng4 Ba8 27. Bf6 Be7 28. Bc3 Bf8 29. h4 Be7 30. Kh2 Rd6 31. Bh1 Kf8 32. Rg1 Rc8 33. Nf6 Bxf6 34. gxf6 g6 35. h5 Qd8 36. Ng5 h6 37. hxg6 fxg6 38. Ne4 Kf7 39. Rxg6 Kxg6 40. Qg4+ Kf7 41. Qh5+ Kf8 42. Rg2 Qe8 43. Rg6 Qf7 44. Ng5 1-0